00374nam a2200157Ia 4500003000400000005001700004008004100021040000700062041001200069082001800081100001500099245003500114260003600149300002300185365000800208OSt20251104175700.0210423s2005 xx 000 0 und d cAL aEnglish a362.28 bKHWS aAli Khwaja aSuicide prevention: a handbook aBangalorebBanjara Acdemyc2005 a58p.bPBc22x14cm. cINR